[Event "6th EUR-ch (w)"]
[Site "Chisinau MDA"]
[Date "2005.06.20"]
[Round "9"]
[White "Chulivska, Vita"]
[Black "Matnadze, Ana"]
[Result "0-1"]
[WhiteElo "2262"]
[BlackElo "2376"]
[EventDate "2005.06.10"]
[PlyCount "62"]

1.e4 c5 2.Nc3 d6 3.g3 Nc6 4.Bg2 g6 5.d3 Bg7 6.f4 Nf6 7.Nge2 Nd4 8.O-O h5 
9.h3 h4 10.g4 Nd7 11.f5 Ne5 12.Be3 Nec6 13.Qd2 Qa5 14.fxg6 fxg6 15.Nf4 Ne5
16.Nfd5 Nec6 17.Qf2 Be6 18.Nf4 g5 19.Nxe6 Nxe6 20.Qf5 Kd7 21.Bxg5 Raf8 22.
Qd5 Nc7 23.Qb3 c4 24.dxc4 Qxg5 25.Nd5 e6 26.Qxb7 exd5 27.exd5 Nd4 28.c5 
Ne2+ 29.Kh1 Ng3+ 30.Kg1 Nxf1 31.Rxf1 Qe5 0-1

[Event "6th EUR-ch (w)"]
[Site "Chisinau MDA"]
[Date "2005.06.20"]
[Round "9"]
[White "Galoian, Lilit"]
[Black "Muzicuk, Anna"]
[Result "1-0"]
[WhiteElo "2256"]
[BlackElo "2363"]
[EventDate "2005.06.10"]
[PlyCount "117"]

1.d4 e6 2.c4 f5 3.Nf3 Nf6 4.g3 g6 5.Bg2 Bg7 6.O-O O-O 7.Nc3 d6 8.b4 e5 9.
dxe5 dxe5 10.Qb3 Qe8 11.Bb2 c6 12.b5 e4 13.Nd4 c5 14.Nc2 Be6 15.Ne3 Nbd7 
16.Ncd5 Bxd5 17.cxd5 Qf7 18.Rad1 Ne8 19.Bxg7 Kxg7 20.d6 Nef6 21.Qc3 Kg8 
22.Rd2 b6 23.f3 Qe6 24.Rfd1 a6 25.fxe4 fxe4 26.bxa6 Rxa6 27.Bh3 Qf7 28.Rf1
Rxa2 29.Ng4 Kg7 30.Nxf6 Nxf6 31.Rxf6 Qxf6 32.Qxf6+ Rxf6 33.Rxa2 Rxd6 34.
Ra7+ Kf6 35.Kf2 h5 36.Ke3 Rd4 37.Bg2 h4 38.Bxe4 hxg3 39.hxg3 Rb4 40.Bd5 
Ke5 41.Bg8 b5 42.Re7+ Kf5 43.Kf3 c4 44.e4+ Kf6 45.Rc7 Rb3+ 46.Kf4 g5+ 47.
Kg4 Re3 48.Bd5 Ke5 49.Rc5 c3 50.Rxb5 Kd4 51.Bb3 Kxe4 52.Rxg5 Kd3 53.Rc5 
Re4+ 54.Kg5 Rb4 55.Be6 Kd4 56.Rc6 Rb2 57.Bf5 Rg2 58.g4 Rg3 59.Kf6 1-0

[Event "6th EUR-ch (w)"]
[Site "Chisinau MDA"]
[Date "2005.06.20"]
[Round "9"]
[White "Ciuksyte, Dagne"]
[Black "Susterman, Anja"]
[Result "0-1"]
[WhiteElo "2356"]
[BlackElo "2250"]
[EventDate "2005.06.10"]
[PlyCount "98"]

1.e4 c5 2.Nf3 Nc6 3.d4 cxd4 4.Nxd4 g6 5.c4 Bg7 6.Be3 Nf6 7.Nc3 d6 8.Be2 
O-O 9.O-O Bd7 10.Qd2 Nxd4 11.Bxd4 Bc6 12.f3 Nd7 13.Be3 a5 14.b3 Nc5 15.
Rad1 Qb6 16.Kh1 Rfc8 17.Bg5 Qd8 18.Rfe1 Qf8 19.Bf1 h6 20.Be3 Kh7 21.Nd5 
Bxd5 22.exd5 Bf6 23.g3 Qg7 24.Rc1 h5 25.Bg5 Re8 26.Rc2 b6 27.h4 Bxg5 28.
hxg5 e5 29.dxe6 Nxe6 30.Rcc1 Nd4 31.Bg2 Nf5 32.Kh2 Rad8 33.Rcd1 Kg8 34.f4 
Kf8 35.Be4 Ne7 36.Qf2 Qc3 37.Rd3 Qb4 38.Red1 Nc8 39.Bc6 Re7 40.Qb2 Kg8 41.
Rd5 Re3 42.Rb5 Qc3 43.Qxc3 Rxc3 44.Rd2 a4 45.Bb7 axb3 46.axb3 Ne7 47.Rxb6 
Nf5 48.Bd5 Nxg3 49.Rb7 Nf1+ 0-1

[Event "6th EUR-ch (w)"]
[Site "Chisinau MDA"]
[Date "2005.06.20"]
[Round "9"]
[White "Ushenina, Anna"]
[Black "Mamedyarova, Turkan"]
[Result "1-0"]
[WhiteElo "2350"]
[BlackElo "2221"]
[EventDate "2005.06.10"]
[PlyCount "149"]

1.d4 d5 2.c4 e6 3.Nc3 c5 4.cxd5 exd5 5.Nf3 Nf6 6.g3 Nc6 7.Bg2 Be7 8.O-O 
O-O 9.dxc5 Bxc5 10.Na4 Be7 11.Be3 Bf5 12.Rc1 Be4 13.Nc5 Bxc5 14.Bxc5 Re8 
15.Qa4 a6 16.Rfd1 b5 17.Qa3 Na5 18.b3 Nb7 19.Bd4 Qe7 20.Qxe7 Rxe7 21.Bxf6 
gxf6 22.Rc6 Nd8 23.Rxf6 Ne6 24.Rh6 Rc8 25.Ne1 Rec7 26.f3 Bg6 27.Rxd5 Rc1 
28.Kf2 Ra1 29.Rd2 Rcc1 30.Nd3 Bxd3 31.exd3 Rd1 32.Rxd1 Rxd1 33.Bf1 Rd2+ 
34.Ke3 Rxa2 35.d4 Kg7 36.Rh5 Rb2 37.Bd3 h6 38.d5 Nf8 39.Kd4 Rxb3 40.Re5 a5
41.d6 Rb4+ 42.Kc3 Kf6 43.Rh5 Ke6 44.Bxb5 Kxd6 45.Rxh6+ Ke7 46.Bc4 Ne6 47.
Bxe6 fxe6 48.Rh5 Ra4 49.f4 Kf6 50.Rg5 Ra2 51.h4 a4 52.Kd4 Rg2 53.Ke3 a3 
54.Kf3 Rg1 55.Ra5 Ra1 56.Kg4 a2 57.Ra6 Kf7 58.h5 Kf6 59.Ra7 e5 60.Ra6+ Ke7
61.fxe5 Kf7 62.h6 Re1 63.Rxa2 Rxe5 64.Ra6 Rb5 65.Kh4 Rb2 66.g4 Rb1 67.Kh5 
Rh1+ 68.Kg5 Rb1 69.Ra7+ Kg8 70.Kh5 Rb6 71.g5 Rb5 72.Rc7 Ra5 73.Re7 Rb5 74.
Kg6 Rb6+ 75.Kf5 1-0

[Event "6th EUR-ch (w)"]
[Site "Chisinau MDA"]
[Date "2005.06.20"]
[Round "9"]
[White "Petrenko, Svetlana"]
[Black "Sarakauskiene, Zivile"]
[Result "1/2-1/2"]
[WhiteElo "2348"]
[BlackElo "2177"]
[EventDate "2005.06.10"]
[PlyCount "74"]

1.e4 c5 2.Nf3 e6 3.d4 cxd4 4.Nxd4 a6 5.Bd3 Nf6 6.O-O Qc7 7.Nc3 Nc6 8.Nxc6 
bxc6 9.f4 d5 10.Kh1 g6 11.f5 dxe4 12.Bxe4 gxf5 13.Bf4 Qd7 14.Bf3 Bb7 15.
Qe2 Nd5 16.Be5 Rg8 17.Na4 c5 18.c4 Qxa4 19.cxd5 Bxd5 20.Bxd5 exd5 21.Bf6+ 
Qe4 22.Qf2 Kd7 23.Rae1 Qg4 24.Re5 Kc6 25.Qd2 d4 26.Rf4 Qg6 27.Rfxf5 Bd6 
28.Rd5 Rae8 29.Bh4 Qe6 30.Qa5 Kb7 31.Rxd6 Qxd6 32.Rxf7+ Ka8 33.Bg3 Rxg3 
34.hxg3 Qh6+ 35.Kg1 Qc1+ 36.Kh2 Qh6+ 37.Kg1 Qc1+ 1/2-1/2

[Event "6th EUR-ch (w)"]
[Site "Chisinau MDA"]
[Date "2005.06.20"]
[Round "9"]
[White "Dolukhanova, Evgeniya"]
[Black "Zozulia, Anna"]
[Result "1-0"]
[WhiteElo "2251"]
[BlackElo "2343"]
[EventDate "2005.06.10"]
[PlyCount "64"]

1.e4 c5 2.Nf3 b6 3.Nc3 Bb7 4.d4 cxd4 5.Nxd4 a6 6.Be3 d6 7.Qd2 Nd7 8.f3 Rc8
9.O-O-O e6 10.Kb1 b5 11.g4 Nb6 12.Bg5 Nf6 13.Ncxb5 axb5 14.Bxb5+ Nbd7 15.
e5 h6 16.exf6 hxg5 17.Nxe6 fxe6 18.fxg7 Bxg7 19.Qxd6 Rc7 20.Qxe6+ Qe7 21.
Qb6 Qf6 22.Bxd7+ Rxd7 23.Rhe1+ Re7 24.Qxb7 Bf8 25.a4 Kf7 26.Rxe7+ Bxe7 27.
Rd5 Qe6 28.Rxg5 Rxh2 29.Rf5+ Kg6 30.Qd5 Qxd5 31.Rxd5 Rf2 32.Rf5 Bb4 1-0

[Event "6th EUR-ch (w)"]
[Site "Chisinau MDA"]
[Date "2005.06.20"]
[Round "9"]
[White "Ovod, Evgenia"]
[Black "Paulet, Iozefina"]
[Result "1-0"]
[WhiteElo "2305"]
[BlackElo "2051"]
[EventDate "2005.06.10"]
[PlyCount "93"]

1.d4 d5 2.c4 e6 3.Nc3 Be7 4.cxd5 exd5 5.Bf4 Nf6 6.e3 O-O 7.Bd3 Nbd7 8.Nf3 
c6 9.Rc1 Nh5 10.Bg3 Re8 11.Ne5 g6 12.Nxd7 Bxd7 13.Be5 Bf6 14.Bxf6 Qxf6 15.
Be2 Ng7 16.b4 a6 17.Na4 Rad8 18.Nc5 Bc8 19.a4 Nf5 20.O-O Qg5 21.g3 h5 22.
Kh1 h4 23.g4 Nh6 24.Kg1 Rd6 25.Nd3 Qe7 26.g5 Nf5 27.Ne5 Re6 28.Bd3 Ng7 29.
Qe1 a5 30.bxa5 c5 31.f4 cxd4 32.exd4 Qa3 33.Qc3 Qf8 34.Qb3 Rd6 35.Rc7 Be6 
36.Qxb7 Rb8 37.Qa7 Rb3 38.Rb1 Rxb1+ 39.Bxb1 Nh5 40.f5 gxf5 41.g6 f6 42.Nf7
Rd8 43.Nxd8 Qb4 44.Rc1 Qa3 45.Qh7+ Kf8 46.Nxe6+ Ke8 47.Qf7# 1-0

[Event "6th EUR-ch (w)"]
[Site "Chisinau MDA"]
[Date "2005.06.20"]
[Round "9"]
[White "Dragomirescu, Angela"]
[Black "Nebolsina, Vera"]
[Result "0-1"]
[WhiteElo "2241"]
[BlackElo "2302"]
[EventDate "2005.06.10"]
[PlyCount "74"]

1.d4 d5 2.c4 c6 3.Nf3 Nf6 4.Nc3 dxc4 5.a4 Bf5 6.Ne5 Nbd7 7.Nxc4 Qc7 8.g3 
e5 9.dxe5 Nxe5 10.Bf4 Nfd7 11.Bg2 f6 12.O-O Nc5 13.Ne3 Be6 14.b4 g5 15.
Bxe5 Qxe5 16.Qc2 Nb3 17.Rab1 Nd4 18.Qb2 f5 19.b5 Bg7 20.bxc6 bxc6 21.Qa3 
Bf8 22.Qb2 Bc5 23.Nc2 O-O 24.Nxd4 Bxd4 25.Rbc1 f4 26.gxf4 gxf4 27.Qc2 Kh8 
28.Kh1 Rab8 29.Nd1 Bd5 30.Bxd5 cxd5 31.Qd3 f3 32.e3 Bb6 33.Rg1 Rf6 34.Nc3 
Rh6 35.Rg3 Qh5 36.h3 Qxh3+ 37.Rxh3 Rxh3+ 0-1

[Event "6th EUR-ch (w)"]
[Site "Chisinau MDA"]
[Date "2005.06.20"]
[Round "9"]
[White "Malysheva, Polina"]
[Black "Muzychuk, Maria"]
[Result "1-0"]
[WhiteElo "2301"]
[BlackElo "2059"]
[EventDate "2005.06.10"]
[PlyCount "97"]

1.e4 Nc6 2.Nf3 d6 3.d4 Nf6 4.c3 g6 5.Bd3 Bg7 6.O-O e5 7.h3 O-O 8.Nbd2 Nd7 
9.Nb3 Ne7 10.Qe2 h6 11.Rd1 c6 12.Be3 Qc7 13.Bc2 f5 14.dxe5 Nxe5 15.Nxe5 
dxe5 16.Bc5 b6 17.Bd6 Qb7 18.exf5 Bxf5 19.Bxf5 Rxf5 20.Bxe7 Qxe7 21.Qc4+ 
Rf7 22.Qxc6 Raf8 23.f3 Qg5 24.Rd3 h5 25.Nd2 Qf5 26.Ne4 Re7 27.Rad1 g5 28.
g4 Qe6 29.Qxe6+ Rxe6 30.Rd7 h4 31.Kg2 a5 32.Nxg5 Ref6 33.R1d6 Rxd6 34.Rxd6
b5 35.Ne6 Re8 36.Rd8 Rxd8 37.Nxd8 a4 38.Ne6 Bf6 39.Nc7 Kf7 40.Kf2 Bg5 41.
Nxb5 Ke6 42.c4 Kd7 43.Nc3 a3 44.bxa3 Kc6 45.Ne4 Bc1 46.a4 Ba3 47.c5 Kd5 
48.a5 Kc6 49.g5 1-0

[Event "6th EUR-ch (w)"]
[Site "Chisinau MDA"]
[Date "2005.06.20"]
[Round "9"]
[White "Rudolf, Anna"]
[Black "Bogza, Adina"]
[Result "1-0"]
[WhiteElo "2210"]
[BlackElo "2297"]
[EventDate "2005.06.10"]
[PlyCount "77"]

1.e4 g6 2.d4 Bg7 3.Nc3 d6 4.Bg5 Nd7 5.Qd2 c5 6.Nf3 a6 7.O-O-O cxd4 8.Nxd4 
Ngf6 9.Bh6 Bxh6 10.Qxh6 b5 11.Be2 Bb7 12.Bf3 Ne5 13.Nd5 Bxd5 14.exd5 Qc7 
15.Rhe1 Rc8 16.Nc6 Rg8 17.Re2 Nxc6 18.dxc6 e6 19.Qg5 Qe7 20.Qf4 g5 21.Qxd6
g4 22.Be4 Qxd6 23.Rxd6 Ke7 24.Rd3 Nxe4 25.Rd7+ Kf6 26.Rxe4 Rxc6 27.Rf4+ 
Ke5 28.Rfxf7 h5 29.Kd2 Rgc8 30.c3 b4 31.Rd3 a5 32.f4+ gxf3 33.gxf3 bxc3+ 
34.bxc3 R6c7 35.f4+ Ke4 36.Rf6 Rg8 37.Re3+ Kd5 38.Rfxe6 Rg2+ 39.Kd3 1-0

[Event "6th EUR-ch (w)"]
[Site "Chisinau MDA"]
[Date "2005.06.20"]
[Round "9"]
[White "Van Weersel, Arlette"]
[Black "Nill, Jessica"]
[Result "0-1"]
[WhiteElo "2158"]
[BlackElo "2290"]
[EventDate "2005.06.10"]
[PlyCount "124"]

1.e4 c5 2.c4 Nc6 3.Ne2 Nf6 4.Nbc3 e6 5.d4 cxd4 6.Nxd4 Bb4 7.Nxc6 bxc6 8.
Bd3 e5 9.O-O O-O 10.Be3 Bxc3 11.bxc3 d6 12.h3 Be6 13.Rb1 Qc7 14.Qd2 Nd7 
15.Rfd1 Rfd8 16.Rb4 c5 17.Rb2 Nb6 18.Qe2 f6 19.Ra1 Qf7 20.Rab1 Rd7 21.a4 
Rad8 22.a5 Nxc4 23.Bxc4 Bxc4 24.Qd1 h6 25.Qa4 Bd3 26.Rd1 c4 27.f3 f5 28.
exf5 Qxf5 29.a6 d5 30.Bc5 d4 31.Qa5 dxc3 32.Qxc3 e4 33.Bf2 exf3 34.g4 Qd5 
35.Ra1 Be2 36.Rab1 Qc6 37.Qa5 Rd5 38.Rb5 Kh7 39.Bxa7 Rxb5 40.Rxb5 Rd1+ 41.
Kf2 Rf1+ 42.Ke3 c3 43.Rc5 Qe6+ 44.Re5 Qd7 45.Bd4 c2 46.Rc5 c1=Q+ 47.Rxc1 
Rxc1 48.a7 Qe8+ 49.Qe5 Rc8 50.Kf2 Qxe5 51.Bxe5 Ba6 52.Kxf3 Bb7+ 53.Kg3 Re8
54.Kf4 g5+ 55.Kf5 Rf8+ 56.Bf6 Ra8 57.Bd4 Rd8 58.Bf6 Rd3 59.h4 Rf3+ 60.Ke5 
Kg6 61.hxg5 hxg5 62.Bd8 Rf4 0-1

[Event "6th EUR-ch (w)"]
[Site "Chisinau MDA"]
[Date "2005.06.20"]
[Round "9"]
[White "Padurariu, Ioana-Smaranda"]
[Black "Eidelson, Rakhil"]
[Result "1-0"]
[WhiteElo "2153"]
[BlackElo "2268"]
[EventDate "2005.06.10"]
[PlyCount "145"]

1.e4 c5 2.Nc3 Nc6 3.Bb5 Nd4 4.Bc4 e6 5.Nf3 Ne7 6.Nxd4 cxd4 7.Ne2 Nc6 8.O-O
Be7 9.d3 O-O 10.Kh1 f5 11.f4 d5 12.exd5 exd5 13.Bb3 Be6 14.Bd2 Bf6 15.Ng3 
g6 16.Qf3 Bf7 17.Ne2 Rc8 18.Qf2 Qd6 19.Rae1 a6 20.Ng1 b5 21.Nf3 h6 22.Ne5 
Nxe5 23.fxe5 Bxe5 24.Bxh6 Rfe8 25.g3 Bf6 26.Bf4 Qc6 27.Qd2 Rxe1 28.Rxe1 
Re8 29.h4 Qa8 30.a4 Rxe1+ 31.Qxe1 Qc6 32.axb5 Qxb5 33.Bd2 Qc6 34.Kg2 Qd7 
35.Bf4 Qb5 36.Qa1 Be8 37.Bd2 Kg7 38.Qe1 Bf7 39.Qa1 Be8 40.Qa3 Qc6 41.Qa5 
Qe6 42.Kf2 Bf7 43.Bf4 Qc6 44.Qc7 Qxc7 45.Bxc7 Be6 46.Ba4 g5 47.hxg5 Bxg5 
48.Bc6 Be3+ 49.Ke1 Kf7 50.Bb7 Ke7 51.Bxa6 Kd7 52.Ba5 Bc1 53.Bb5+ Kc8 54.b3
f4 55.gxf4 Bxf4 56.Bd2 Bxd2+ 57.Kxd2 Kc7 58.b4 Kd6 59.Be8 Bf5 60.c3 Ke5 
61.cxd4+ Kxd4 62.b5 Ke5 63.Kc3 Kd6 64.b6 Bc8 65.d4 Bb7 66.Kb4 Ke7 67.Bb5 
Kd6 68.Ka5 Bc8 69.Ba6 Bg4 70.Bb7 Bf3 71.Ka6 Kd7 72.Ka7 Kd8 73.Bc6 1-0

[Event "6th EUR-ch (w)"]
[Site "Chisinau MDA"]
[Date "2005.06.20"]
[Round "9"]
[White "Repkova, Eva"]
[Black "Kalinina, Olga"]
[Result "1/2-1/2"]
[WhiteElo "2392"]
[BlackElo "2022"]
[EventDate "2005.06.10"]
[PlyCount "304"]

1.e4 c5 2.Nf3 e6 3.b3 d6 4.Bb2 Nf6 5.Nc3 Be7 6.d4 cxd4 7.Nxd4 O-O 8.Bd3 a6
9.O-O b5 10.a4 Qb6 11.Nf3 b4 12.a5 Qb7 13.Na4 Nxe4 14.Re1 f5 15.Nb6 Ra7 
16.Bc4 Bf6 17.Bd4 Nc6 18.Nxc8 Qxc8 19.Bxa7 Bxa1 20.Qxa1 Nxa7 21.Qd4 d5 22.
Bd3 Qb8 23.Bxa6 Nc6 24.Qe3 Nxa5 25.Bd3 e5 26.Bxe4 dxe4 27.Qc5 exf3 28.Qxa5
e4 29.Qd5+ Kh8 30.gxf3 Qf4 31.Qc5 Rd8 32.Qe3 Qxf3 33.Qxf3 exf3 34.h4 g6 
35.Re3 Rd4 36.h5 Rg4+ 37.Kf1 Rh4 38.Rxf3 Rxh5 39.Rf4 Rh1+ 40.Ke2 h5 41.
Rxb4 h4 42.Kf3 g5 43.Kg2 Rc1 44.Rb5 Rxc2 45.Rxf5 Rb2 46.Rb5 Kh7 47.Rb6 g4 
48.Rb4 Kh6 49.Rxg4 Rxb3 50.Rxh4+ Kg5 51.Ra4 Rb2 52.Kg3 Rb5 53.Ra8 Rc5 54.
Rg8+ Kf5 55.Rf8+ Kg5 56.f4+ Kg6 57.Kf3 Rc4 58.Kg4 Rb4 59.Rg8+ Kf6 60.Rc8 
Rb6 61.Ra8 Rc6 62.Rf8+ Kg7 63.Rf5 Kg6 64.Rg5+ Kf6 65.Rh5 Kg7 66.Rh2 Rc5 
67.Rd2 Kf6 68.Rd6+ Ke7 69.Rh6 Kf7 70.Rd6 Ke7 71.Rh6 Kf7 72.Rh2 Kg6 73.Rh8 
Kg7 74.Rb8 Kf6 75.Rb7 Ra5 76.Rb6+ Kf7 77.Kf3 Ra4 78.Rd6 Ke7 79.Rh6 Kf7 80.
Kg4 Ra5 81.Rb6 Kg7 82.Rd6 Kf7 83.Kh4 Ke7 84.Rc6 Kf7 85.Kg3 Kg7 86.Kg4 Kf7 
87.Rc7+ Kf6 88.Rc1 Kg6 89.Rc4 Kf6 90.Rc6+ Kf7 91.Kf3 Ra4 92.Ke3 Rb4 93.Rd6
Ke7 94.Rh6 Kf7 95.Rh5 Kf6 96.Kf3 Ra4 97.Rh6+ Kg7 98.Rc6 Kf7 99.Kg4 Kg7 
100.Kg5 Rb4 101.Rc7+ Kf8 102.f5 Rb6 103.Rd7 Ra6 104.Kf4 Ra5 105.Rd6 Kf7 
106.Kg5 Rb5 107.Ra6 Rb7 108.Rh6 Rb5 109.Rh7+ Kg8 110.Re7 Kf8 111.Re6 Kf7 
112.Rf6+ Kg7 113.Rc6 Rb7 114.Rg6+ Kf7 115.Rh6 Rb5 116.Rh8 Rb6 117.Ra8 Rc6 
118.Ra7+ Kf8 119.Rh7 Kg8 120.Rh2 Kf7 121.Rh7+ Kg8 122.Re7 Kf8 123.Re5 Kf7 
124.Ra5 Rb6 125.Ra7+ Kf8 126.Rh7 Kg8 127.Re7 Kf8 128.Rd7 Ra6 129.Rd5 Kf7 
130.Re5 Rb6 131.Re4 Ra6 132.Rh4 Kg7 133.Rh2 Rb6 134.Kf4 Rb5 135.Rg2+ Kf7 
136.Rg6 Rb4+ 137.Kg5 Rb5 138.Rh6 Kg7 139.Rg6+ Kf7 140.Ra6 Rb7 141.Rh6 Rb5 
142.Rh7+ Kg8 143.Re7 Kf8 144.Re6 Kf7 145.Rc6 Rb7 146.Rc8 Rb6 147.Rc7+ Kf8 
148.Rd7 Ra6 149.Rb7 Rc6 150.Rb8+ Kf7 151.Rh8 Kg7 152.Rh1 Rb6 1/2-1/2

[Event "6th EUR-ch (w)"]
[Site "Chisinau MDA"]
[Date "2005.06.20"]
[Round "9"]
[White "Tsoganova, Monika"]
[Black "Smochina, Carolina"]
[Result "1/2-1/2"]
[WhiteElo "2211"]
[BlackElo "2307"]
[EventDate "2005.06.10"]
[PlyCount "83"]

1.d4 Nf6 2.c4 g6 3.Nc3 Bg7 4.e4 d6 5.Be2 O-O 6.Nf3 e5 7.O-O Nc6 8.d5 Ne7 
9.b4 Nh5 10.Re1 f5 11.Ng5 Nf6 12.Bf3 Kh8 13.Bb2 Ne8 14.exf5 gxf5 15.Bh5 
Ng6 16.Qd2 Nf4 17.Qxf4 exf4 18.Rxe8 Qxe8 19.Bxe8 Rxe8 20.Kf1 Bd7 21.Rb1 a5
22.b5 h6 23.Nf3 Kh7 24.Ne2 Bxb2 25.Rxb2 Re4 26.Nd2 f3 27.gxf3 Rh4 28.f4 
Rg8 29.Nf3 Rhg4 30.h3 R4g7 31.Ned4 b6 32.Re2 Rf7 33.Ne6 Kg6 34.Re3 Kf6 35.
Nfd4 Bc8 36.a4 Re7 37.Nc6 Rh7 38.Ncd4 Re8 39.Rg3 Bxe6 40.Nxe6 Rhe7 41.Ke2 
Rh7 42.Kd3 1/2-1/2

[Event "6th EUR-ch (w)"]
[Site "Chisinau MDA"]
[Date "2005.06.20"]
[Round "9"]
[White "Alexanian, Nelli"]
[Black "Schuurman, Petra"]
[Result "1/2-1/2"]
[WhiteElo "2211"]
[BlackElo "2288"]
[EventDate "2005.06.10"]
[PlyCount "94"]

1.d4 Nf6 2.c4 e6 3.Nc3 Bb4 4.f3 d5 5.a3 Bxc3+ 6.bxc3 c6 7.cxd5 cxd5 8.Bg5 
Qa5 9.Qd2 Nbd7 10.e3 b6 11.c4 Qxd2+ 12.Kxd2 Ba6 13.cxd5 Bxf1 14.Rxf1 Nxd5 
15.e4 Ne7 16.Ne2 f6 17.Be3 Kf7 18.Rc1 Rhd8 19.Rc7 Ne5 20.Rhc1 b5 21.R1c5 
Nc4+ 22.Kd3 Nxa3 23.Bc1 b4 24.Rb7 Rdb8 25.Rcc7 Rxb7 26.Rxb7 a5 27.Bxa3 
bxa3 28.Kc2 Rc8+ 29.Kb3 a2 30.Kxa2 Rc2+ 31.Rb2 Rxb2+ 32.Kxb2 Nc6 33.Kc3 
Ke7 34.Kc4 g5 35.f4 h6 36.Kc5 Nb4 37.g3 g4 38.Kb5 Nd3 39.Kxa5 e5 40.fxe5 
fxe5 41.d5 Kd6 42.Kb5 Ne1 43.Kc4 Nf3 44.Kd3 Nxh2 45.Ke3 Nf3 46.Nc3 h5 47.
Nd1 Nd4 1/2-1/2

[Event "6th EUR-ch (w)"]
[Site "Chisinau MDA"]
[Date "2005.06.20"]
[Round "9"]
[White "Stiri, Alexandra"]
[Black "Makropoulou, Marina"]
[Result "0-1"]
[WhiteElo "2181"]
[BlackElo "2285"]
[EventDate "2005.06.10"]
[PlyCount "92"]

1.e4 e5 2.Nf3 Nc6 3.d4 exd4 4.Nxd4 Bc5 5.Nxc6 Qf6 6.Qd2 dxc6 7.Nc3 Ne7 8.
Bd3 Ng6 9.O-O Be6 10.Na4 Bd6 11.Qg5 Qxg5 12.Bxg5 b5 13.Nc3 f6 14.Be3 Ne5 
15.Be2 Nc4 16.Bxc4 Bxc4 17.Rfe1 O-O 18.b3 Bb4 19.Bd4 Rfd8 20.a3 Ba5 21.b4 
Rxd4 22.bxa5 Rd2 23.Rac1 Rad8 24.e5 f5 25.Red1 Kf7 26.Rxd2 Rxd2 27.Nd1 f4 
28.g3 g5 29.gxf4 gxf4 30.Nc3 Ke6 31.Ne4 Re2 32.Ng5+ Kxe5 33.Nxh7 Kf5 34.h4
Bd5 35.Kf1 Re7 36.Ng5 Kg4 37.f3+ Kxh4 38.Ne4 Bxe4 39.fxe4 Kg3 40.Re1 Re5 
41.Re2 f3 42.Re3 Rh5 43.Kg1 Kf4 44.Rd3 a6 45.Rd7 Ke3 46.Rf7 Ke2 0-1

[Event "6th EUR-ch (w)"]
[Site "Chisinau MDA"]
[Date "2005.06.20"]
[Round "9"]
[White "Calotescu, Ana-Cristina"]
[Black "Sirotkina, Nina"]
[Result "1-0"]
[WhiteElo "2268"]
[BlackElo "2206"]
[EventDate "2005.06.10"]
[PlyCount "129"]

1.Nf3 Nf6 2.c4 e6 3.g3 b6 4.Bg2 Bb7 5.O-O c5 6.Nc3 Be7 7.Re1 O-O 8.e4 d6 
9.d4 cxd4 10.Nxd4 Qc8 11.b3 Nc6 12.Bb2 Nxd4 13.Qxd4 Rd8 14.Re2 Ne8 15.Rd1 
Rb8 16.Red2 a6 17.Qxb6 Bxe4 18.Qe3 Bxg2 19.Kxg2 Qc6+ 20.f3 Bf6 21.Ne4 Bxb2
22.Rxb2 a5 23.Nc3 Nf6 24.Rbd2 h6 25.h3 d5 26.Ne4 Ne8 27.cxd5 Rxd5 28.Rxd5 
exd5 29.Qc5 Qxc5 30.Nxc5 Nf6 31.Rd2 Rb5 32.Na4 Kf8 33.Kf2 Ke7 34.Ke3 Kd6 
35.Rc2 Nd7 36.Rc8 Rb4 37.f4 h5 38.Ra8 Rb5 39.Ra6+ Ke7 40.Nc3 Rc5 41.Kd4 
Rc8 42.Nxd5+ Kf8 43.Rxa5 g6 44.Ra7 Nc5 45.b4 Ne6+ 46.Ke3 Rc1 47.Ra3 Rh1 
48.h4 Re1+ 49.Kd2 Rb1 50.Kc2 Rg1 51.Rd3 Ng7 52.b5 Nf5 53.b6 Nd6 54.Nb4 Nb7
55.Rc3 Na5 56.Kb2 Kg7 57.a4 Kf6 58.Nc6 Rg2+ 59.Ka3 Nb7 60.a5 Nd6 61.Rd3 
Ke6 62.Nd8+ Ke7 63.b7 Nxb7 64.Nxb7 Rg1 65.Nc5 1-0

[Event "6th EUR-ch (w)"]
[Site "Chisinau MDA"]
[Date "2005.06.20"]
[Round "9"]
[White "Lazo, Xenia"]
[Black "Makka, Ioulia"]
[Result "0-1"]
[WhiteElo "2001"]
[BlackElo "2250"]
[EventDate "2005.06.10"]
[PlyCount "116"]

1.d4 d5 2.c4 e6 3.Nc3 Be7 4.Nf3 Nf6 5.cxd5 exd5 6.Bg5 c6 7.e3 Bf5 8.Qb3 
Qb6 9.Nd2 Nbd7 10.Be2 Qxb3 11.Nxb3 a5 12.a4 Bb4 13.Nd2 O-O 14.O-O h6 15.
Bh4 Rfe8 16.Rfc1 Re6 17.Bg3 Bh7 18.Nf3 Nb6 19.Bc7 Nc8 20.Be5 Ne8 21.Ne1 
Nb6 22.b3 Nd7 23.Bg3 Ndf6 24.Bd3 Ne4 25.Nxe4 Bxe4 26.Bxe4 dxe4 27.Nc2 Nf6 
28.Na3 Bxa3 29.Rxa3 Nd5 30.Rc5 Kf8 31.Kf1 Ke8 32.Ra1 Kd7 33.Ke2 f6 34.Kd2 
b6 35.Rc4 h5 36.h3 Rg8 37.Rh1 Rh8 38.h4 Rhe8 39.Re1 R8e7 40.Bb8 Re8 41.Bg3
g6 42.Rh1 Rg8 43.Re1 Nb4 44.f4 f5 45.Ke2 Nd3 46.Rb1 Ra8 47.Be1 Ra7 48.Rc2 
Re8 49.Ra1 Rc8 50.Rc4 Kd6 51.Bd2 Rac7 52.Ra2 Rb8 53.Rac2 Rbb7 54.Ra2 Rc8 
55.b4 axb4 56.Bxb4+ Kd7 57.Bd2 Rbc7 58.Ra3 c5 0-1

[Event "6th EUR-ch (w)"]
[Site "Chisinau MDA"]
[Date "2005.06.20"]
[Round "9"]
[White "Fakhiridou, Ekaterini"]
[Black "Ivanova-Skripova, Tatiana"]
[Result "1-0"]
[WhiteElo "2247"]
[BlackElo "2205"]
[EventDate "2005.06.10"]
[PlyCount "152"]

1.e4 c6 2.d4 d6 3.Be3 Nf6 4.Bd3 e5 5.h3 Qb6 6.Nf3 Qxb2 7.Nbd2 Nbd7 8.O-O 
b5 9.a4 bxa4 10.Nc4 Qb8 11.dxe5 dxe5 12.Rxa4 Be7 13.Qa1 O-O 14.Nfxe5 Nxe5 
15.Qxe5 Be6 16.Qc3 Nd7 17.Bd4 f6 18.Na5 c5 19.Be3 Qc7 20.Bc4 Bxc4 21.Nxc4 
Nb6 22.Ra2 Rfd8 23.Rfa1 Nc8 24.Ra6 Rb8 25.g3 Rb4 26.Kh2 Qb7 27.Nd2 Qb5 28.
e5 Qe2 29.exf6 Bxf6 30.Rxf6 gxf6 31.Qxf6 Re8 32.Qg5+ Kh8 33.Ra5 Rb6 34.
Rxc5 Rg6 35.Qf4 Nd6 36.Re5 Kg8 37.Rxe8+ Nxe8 38.Qe5 Nd6 39.c4 Qd3 40.c5 
Qf5 41.Qe7 Nc8 42.Qe8+ Qf8 43.Qb5 a6 44.Qb3+ Qf7 45.Qb8 Qe8 46.Nf3 Nd6 47.
Qb4 Nf5 48.Bf4 Qb5 49.Qa3 Qe2 50.Kg2 Qe4 51.Qb3+ Re6 52.Be5 Kf7 53.Kg1 h6 
54.Kg2 Ne7 55.Bf4 Nd5 56.Be5 Rxe5 57.Qd3 Qxd3 58.Nxe5+ Ke6 59.Nxd3 a5 60.
Kf3 a4 61.Nc1 a3 62.Na2 Ke5 63.g4 Nf6 64.h4 Kd5 65.c6 Ne8 66.g5 hxg5 67.
hxg5 Kc5 68.Ke4 Kxc6 69.Ke5 Kd7 70.f4 Ke7 71.f5 Kd7 72.f6 Nc7 73.Kf5 Ke8 
74.g6 Kf8 75.Kg5 Ne6+ 76.Kh6 Kg8 1-0

[Event "6th EUR-ch (w)"]
[Site "Chisinau MDA"]
[Date "2005.06.20"]
[Round "9"]
[White "Laesson, Tuulikki"]
[Black "Partac, Elena"]
[Result "1/2-1/2"]
[WhiteElo "2246"]
[BlackElo "2190"]
[EventDate "2005.06.10"]
[PlyCount "87"]

1.d4 d5 2.Nf3 Nf6 3.Bf4 c5 4.e3 Qb6 5.Qc1 Nc6 6.c3 Bf5 7.dxc5 Qxc5 8.Nd4 
Nxd4 9.exd4 Qb6 10.Be2 e6 11.a4 a6 12.a5 Qd8 13.Qd1 Be7 14.Qb3 Qc8 15.O-O 
O-O 16.Nd2 Rd8 17.Rfd1 h6 18.h3 Ne4 19.Nxe4 Bxe4 20.Rac1 Bd6 21.Bxd6 Rxd6 
22.f3 Bf5 23.c4 dxc4 24.Rxc4 Qd8 25.Qc3 e5 26.d5 Rxd5 27.Rxd5 Qxd5 28.Rc5 
Qa2 29.Qxe5 Be6 30.f4 Re8 31.Qc3 Qb1+ 32.Qc1 Qg6 33.Bh5 Qf6 34.Bf3 Qd4+ 
35.Kh2 g6 36.Rc2 Bd5 37.Bxd5 Qxd5 38.Rc5 Qd4 39.Rc4 Qf2 40.Rc2 Qd4 41.Rc4 
Qf2 42.Qc3 h5 43.Qd4 Qe1 44.Qc3 1/2-1/2

[Event "6th EUR-ch (w)"]
[Site "Chisinau MDA"]
[Date "2005.06.20"]
[Round "9"]
[White "Mirzoeva, Elmira"]
[Black "Khudaverdieva, Afag"]
[Result "1-0"]
[WhiteElo "2232"]
[BlackElo "2187"]
[EventDate "2005.06.10"]
[PlyCount "99"]

1.e4 e6 2.Nf3 d5 3.Nc3 Nf6 4.e5 Nfd7 5.d4 c5 6.dxc5 Nc6 7.Bf4 Bxc5 8.Bd3 
f6 9.exf6 Nxf6 10.Qe2 O-O 11.O-O-O a6 12.Rhe1 b5 13.Ne5 Nxe5 14.Bxe5 Bd7 
15.g4 Ne8 16.f4 b4 17.Nb1 Nd6 18.Nd2 Nf7 19.Nb3 Bb6 20.Bd4 Nd6 21.Qe5 Bxd4
22.Nxd4 Qe7 23.Nxe6 Bxe6 24.Qxe6+ Qxe6 25.Rxe6 Nc4 26.f5 a5 27.b3 Na3 28.
Rd6 Rfd8 29.Rxd8+ Rxd8 30.Re1 Kf7 31.g5 Rc8 32.Re6 Rc5 33.Ra6 d4 34.h4 Kf8
35.Ra8+ Ke7 36.Ra7+ Kf8 37.Kd2 Re5 38.Kd1 Nb1 39.Ra8+ Ke7 40.c4 Nc3+ 41.
Kc2 Re1 42.Ra7+ Kf8 43.c5 Rh1 44.c6 Rh2+ 45.Kc1 Rh1+ 46.Kd2 Ke8 47.c7 Kd7 
48.f6 g6 49.f7 Rh2+ 50.Ke1 1-0

[Event "6th EUR-ch (w)"]
[Site "Chisinau MDA"]
[Date "2005.06.20"]
[Round "9"]
[White "Bensdorp, Marlies"]
[Black "Iodo, Anna"]
[Result "0-1"]
[WhiteElo "2232"]
[BlackElo "2176"]
[EventDate "2005.06.10"]
[PlyCount "154"]

1.d4 Nf6 2.c4 e5 3.dxe5 Ng4 4.e3 Nxe5 5.Nh3 Nbc6 6.Nf4 g6 7.Be2 Bg7 8.Nc3 
O-O 9.Nfd5 Ne7 10.O-O Nxd5 11.cxd5 d6 12.Bd2 Re8 13.Rc1 a6 14.f4 Nd7 15.
Bf3 f5 16.Qc2 Nf6 17.Rfe1 Bd7 18.Ne2 Rc8 19.Qb3 b6 20.Nd4 Ne4 21.Bxe4 Rxe4
22.Nf3 Qe8 23.Kf2 h6 24.Bc3 Qe7 25.Bxg7 Kxg7 26.g3 Qf7 27.Nd2 Re7 28.Rc3 
c5 29.dxc6 Qxb3 30.Nxb3 Rxc6 31.Rec1 Rxc3 32.Rxc3 Be6 33.Rc6 Bxb3 34.axb3 
b5 35.Ke2 d5 36.Rd6 Rc7 37.Kd2 a5 38.Rxd5 Rb7 39.Kd3 Kf7 40.Rd6 Rc7 41.Ra6
Rd7+ 42.Ke2 Rc7 43.Rxa5 Rc2+ 44.Kd3 Rxh2 45.Rxb5 Rg2 46.Rb7+ Ke6 47.b4 
Rxg3 48.Rc7 g5 49.fxg5 hxg5 50.b5 f4 51.b6 Rxe3+ 52.Kc2 Re5 53.b7 Rb5 54.
Kc3 f3 55.Kd3 Rxb2 56.Ke3 f2 57.b8=Q f1=N+ 58.Kf3 Rxb8 59.Kg4 Rg8 60.Rc3 
Nd2 61.Re3+ Kf6 62.Re2 Nc4 63.Rf2+ Ke6 64.Ra2 Ne5+ 65.Kg3 g4 66.Ra6+ Kf5 
67.Ra2 Rd8 68.Ra5 Rd3+ 69.Kg2 Re3 70.Kf2 Kf4 71.Ra4+ Re4 72.Ra8 g3+ 73.Kf1
Kf3 74.Rf8+ Rf4 75.Ra8 Ng4 76.Kg1 Ne3 77.Ra3 Rd4 0-1

[Event "6th EUR-ch (w)"]
[Site "Chisinau MDA"]
[Date "2005.06.20"]
[Round "9"]
[White "Koskoska, Gabriela"]
[Black "Mar, Karmen"]
[Result "1/2-1/2"]
[WhiteElo "2230"]
[BlackElo "2119"]
[EventDate "2005.06.10"]
[PlyCount "65"]

1.c4 c6 2.e4 d5 3.exd5 cxd5 4.d4 Nf6 5.Nc3 Nc6 6.Nf3 Bg4 7.cxd5 Nxd5 8.Be2
e6 9.O-O Be7 10.Qb3 Qb6 11.Qxb6 Nxb6 12.h3 Bh5 13.g4 Bg6 14.Bb5 O-O-O 15.
Bxc6 bxc6 16.Ne5 Kb7 17.Be3 Bf6 18.Rac1 Nd5 19.Nxd5 cxd5 20.f4 Bxe5 21.
fxe5 Rc8 22.Bg5 Rxc1 23.Rxc1 h5 24.Kg2 hxg4 25.hxg4 Be4+ 26.Kg3 Rc8 27.
Rxc8 Kxc8 28.Be7 Kd7 29.Bf8 g6 30.Kf4 a6 31.Kg5 Bd3 32.Bc5 Bc4 33.Kf6 
1/2-1/2